| 000 | 00659nam a2200205Ia 4500 | ||
|---|---|---|---|
| 005 | 20221215104745.0 | ||
| 008 | 131103s9999 xx 000 0 und d | ||
| 040 | _aLoreto College | ||
| 041 | _aEnglish | ||
| 082 |
_a822.08 _bESS |
||
| 245 |
_aAbusrd drama _cwith an introduction by Martin Esslin |
||
| 260 |
_aHarmondsworth _bPenguin Books _c1962 |
||
| 300 | _a191 p. | ||
| 504 | _aAmedd or how to get rid of it/Eugene Ionesco- Professor Taranne/Arthur Adamov- The Two executioners/Ferando Arrabal- The Zoo story/Edward Albee | ||
| 650 | _aEnglish Drama | ||
| 651 | _aDrama - Collection | ||
| 700 | _aEsslin, Martin | ||
| 850 | _aLCLIB | ||
| 942 | _cBK | ||
| 999 |
_c6618 _d57097 |
||